[Event "Oravska Priehrada op"]
[Site "Namestovo"]
[Date "2017.08.27"]
[Round "5"]
[White "Babjarcik, Tobias"]
[Black "Repcek, Stanislav"]
[Result "1-0"]
[WhiteElo "1093"]
[BlackElo "1543"]
[PlyCount "57"]
[EventDate "2017.08.25"]
[EventType "swiss"]
[EventRounds "7"]
[EventCountry "SVK"]
[SourceTitle "CBM 180 Extra"]
[Source "ChessBase"]
[SourceDate "2017.10.06"]
[SourceVersion "1"]
[SourceVersionDate "2017.10.06"]
[SourceQuality "1"]

1. e4 Nf6 2. Nc3 d6 3. d4 g6 4. Be3 Bg7 5. Bc4 0-0 6. Nf3 a6 7. h3 b5 8. Bd3 c5 9. dxc5 dxc5 10. Bxc5 Nbd7 11. Be3 Bb7 12. 0-0 Rc8 13. Re1 Ne8 14. Bd4 Ndf6 15. Bxf6 Bxf6 16. Qd2 Bxc3 17. bxc3 Qc7 18. Qh6 Qxc3 19. Qd2 Qxd2 20. Nxd2 Ng7 21. Rab1 Ne6 22. c4 Nc5 23. Bf1 bxc4 24. Bxc4 Rc7 25. Bf1 Rd8 26. Nb3 Nxe4 27. Na5 Bc8 28. Rxe4 e6 29. Rc4 1-0

[Event "Oravska Priehrada op"]
[Site "Namestovo"]
[Date "2017.08.25"]
[Round "1"]
[White "Soural, Karel"]
[Black "Repcek, Stanislav"]
[Result "1-0"]
[WhiteElo "1950"]
[BlackElo "1543"]
[PlyCount "79"]
[EventDate "2017.08.25"]
[EventType "swiss"]
[EventRounds "7"]
[EventCountry "SVK"]
[SourceTitle "CBM 180 Extra"]
[Source "ChessBase"]
[SourceDate "2017.10.06"]
[SourceVersion "1"]
[SourceVersionDate "2017.10.06"]
[SourceQuality "1"]

1. e4 Nf6 2. e5 Nd5 3. d4 d6 4. Nf3 g6 5. Bc4 c6 6. Bb3 Bg7 7. c4 Nc7 8. exd6 exd6 9. Qe2+ Qe7 10. Qxe7+ Kxe7 11. Be3 Re8 12. Nc3 Kf8 13. 0-0-0 Nd7 14. Bf4 Ne6 15. Bxd6+ Kg8 16. Rhe1 Nf6 17. d5 Nf8 18. Rxe8 Nxe8 19. Bf4 Bf5 20. h3 Nf6 21. g4 Bd7 22. Ne5 Re8 23. Nxd7 N8xd7 24. dxc6 bxc6 25. g5 Nh5 26. Rxd7 Nxf4 27. c5 Ne6 28. Ne4 Kf8 29. Rxa7 Re7 30. Ra8+ Re8 31. Rxe8+ Kxe8 32. Bxe6 fxe6 33. Kc2 Kd7 34. b4 h6 35. Kd3 hxg5 36. Nxg5 Be5 37. a4 Bf4 38. Ne4 g5 39. b5 cxb5 40. axb5 1-0